000 00486nam a2200181Ia 4500
003 GCL
008 140319s9999 xx 000 0 eng d
040 _aGCL /
_cGCL
082 0 4 _aCC
_b932.014
_bT H
100 1 _aTYLDESLEY, JOYCE
245 1 0 _aHATCHEPSUT: THE FEMALE PHAROAH /
_cTYLDESLEY, JOYCE
260 _a[S.N] :
_bVIKING PRESS ،
_c1996
300 _a270 P
650 0 4 _aANCIENT EGYPT
650 0 4 _aHISTORY
650 0 4 _aKNOXVILLE ( TENN . ) - CIVLIZATION
942 _2ddc
_cBK
999 _c13574
_d13574